Mesillas : carta geológica /

Furkejuvvon:
Bibliográfalaš dieđut
Searvvušdahkki: México. Secretaría de Programación y Presupuesto. Comisión de Estudios del Territorio Nacional
Materiálatiipa: Gárta
Ráidu:(Carta Geológica)
Fáttát:
Fáddágilkorat: Lasit fáddágilkoriid
Eai fáddágilkorat, Lasit vuosttaš fáddágilkora!

MARC

LEADER 00000nem^a2200000^a^4500
001 000068717
005 20250521000000.0
007 $$aaj#canzn
009 20260310091339.269
037 |a Acervo ITESO - Biblioteca 
041 |a GRA 
093 |a F-13-B-35 
110 |a México.  |b Secretaría de Programación y Presupuesto. Comisión de Estudios del Territorio Nacional 
240 1 1 |a [Mesillas, materiales cartográficos] 
245 1 0 |a Mesillas :  |b carta geológica / 
255 |a Escala 1:50 000 ;  |b Proyección Universal Transversa de Mercator 
264 |a México :  |b Comisión de Estudios del Territorio Nacional,  |c 1973 
300 |a 1 mapa 
336 |a imagen cartográfica estática  |b cri  |2 rdacontenido 
337 |a sin mediación  |b n  |2 rdamedio 
338 |a mapa  |b nz  |2 rdasoporte 
440 1 |a (Carta Geológica) 
522 |a Cartas adyacentes: F13B24, F13B25, F13B26, F13B34, F13B36, F13B44, F13B45, F13B46 
522 |a Composición Geológica predominante : Rocas ígneas y rocas sedimentarias 
522 |a Carta formada por métodos fotogramétricos a partir de fotografías obtenidas en 1970 
546 |a Edición gráfica con texto en español 
649 |a XX 
650 |a Geología -  |z México 
650 |a Cordillera La Mojonera de Cinco Pinos 
650 |a Mesillas, Zacatecas 
650 |a Vasco de Quiroga, Zacatecas 
650 |a El Astillero, Zacatecas 
650 |a Colonia Número Uno de Menonitas, Zacatecas 
650 |a Zacatecas -  |x Mapas 
650 |a México -  |x Mapas 
910 |a Fondo General 
920 |a Gráficos - Mapas 
905 |a 503 
901 |a 0900072439  |b IT2  |c MAP  |u 20250521 
902 |a https://opac.biblio.iteso.mx/vufind/Record/000068717